00313nam a2200121Ia 4500008004100000040001700041041001200058082001800070100002700088245002900115260003600144300001100180230917s9999||||xx |||||||||||||| ||und|| e154063aMAIN aEnglish a891.21 K25D:K aDwivedi, Hazari Prasad 0aKalidas ki lalitya yojna aDelhibRajkamal Prakashanc1970 a276 p.